MARC

LEADER 00000nam0a2200000 4500
001 163367
005 20231031160743.0
010 |a 5020174521 
020 |a RU  |b 92-36093 
035 |a (RuTPU)RU\TPU\book\177253 
090 |a 163367 
100 |a 20090817d1992 m y0rusy5003 ca 
101 0 |a rus 
102 |a RU 
105 |a a z 001zb 
200 1 |a Муза странствий Николая Гумилева  |f А. Б. Давидсон 
210 |a Москва  |c Наука  |d 1992 
215 |a 316,[2] с.  |c ил., факс.  |d 22 см 
320 |a Библиогр. в примеч.: с. 307-317 
600 1 |a Гумилев  |g Николай Степанович  |f 1886-1921  |c русский поэт  |b Н. С.  |2 stltpush  |3 (RuTPU)RU\TPU\pers\1218 
610 1 |a русская литература 
610 1 |a русская поэзия 
610 1 |a 19 век 
610 1 |a 20 век 
610 1 |a литературоведение 
675 |a 8Р1(092) Гумилев  |z rus 
700 1 |a Давидсон  |b А. Б.  |g Аполлон Борисович  |4 070 
801 0 |a RU  |b RuMRKP  |c 19950413  |g psbo 
801 1 |a RU  |b 63413507  |c 20090817 
801 2 |a RU  |b 63413507  |c 20090817  |g RCR 
942 |c BK